00914nam a2200265 i 4500001000400000100002000004245014600024260005500170300001900225490004000244650002100284700002600305830004000331020001500371040000800386041000800394044000800402080000600410920001800416942000700434008004100441999001700482856009800499952005100597bgj1 aGIERLAK, Maria.10aDeutsche politische Zeitgeschichte 1918-1980 in den Auseinandersetzungen der Intellektuellen.cMaria Gierlak ; Leszek Żyliński.nTeil 1 / aToruń :bUniwersytet Mikołaja Kopernika,c1993. a127 s.c21 cm.1 aSkrypty i materiały pomocnicze UMK9 aNauki społeczne1 aŻYLIŃSKI, Leszek. aSkrypty i materiały pomocnicze UMK a8323103984 cBPK0 ager aDEU a3 a83-231-0398-4 cKS s gw f |000 0 ger  c49977d49977 uhttp://koha.tu.koszalin.pl/cgi-bin/koha/opac-detail.pl?biblionumber=49977yKatalog online BPK 00104070aBPKbBPKckwoS 2600p02438375yKS